000 00629nam a2200229Ia 4500
005 20221020093643.0
008 131103s9999 xx 000 0 und d
020 _a416828302
040 _aLoreto College
041 _aEnglish
082 _a155
_bMAC
100 _aMcGurk, Harry
245 _aGrowing and changing
_b a primer of developmental psychology
_cHarry McGurk
260 _aLondon
_bMethuen
_c1975
300 _a142p
504 _aIncludes bibliographical references and index
630 _aHuman Development
650 _aDevelopmental Psychology
651 _aPsychology
850 _aLCLIB
942 _cBK
999 _c18516
_d68995